The Only African Country ... - Statistics

General Stats
  • This quiz has been taken 129,486 times
  • The average score is 14 of 20
Answer Stats
The only country that ... Country % Correct
starts with the letter K Kenya
94%
invaded Israel twice Egypt
92%
has won 10 Nobel prizes South Africa
86%
has over 1,000,000 km² of forest D.R. Congo
84%
is completely surrounded by another country Lesotho
84%
is entirely north of 30° N Tunisia
82%
has a population over 200 million Nigeria
78%
lost over 20% of its area in 2011 Sudan
77%
has a mountain with an elevation over 5,500 meters Tanzania
76%
is only 20 km away from Yemen Djibouti
75%
whose largest city is the name of an Oscar-winning movie Morocco
71%
is the birthplace of over 700,000 French residents Algeria
69%
has over 2,000 species that can't be found anywhere else Madagascar
69%
has a capital on Lake Victoria Uganda
67%
has a capital named for a U.S. President Liberia
58%
has issued a $100 trillion bill Zimbabwe
54%
has more than 100,000 elephants Botswana
52%
wasn't settled by humans until the 1700s Seychelles
51%
speaks mostly Oromo and Amharic Ethiopia
46%
has Spanish as an official language Equatorial Guinea
43%
No matching quizzes found
Score Distribution
Percent of People with Each Score
Percentile by Number Answered
Your Score History
You have not taken this quiz